Géographie: Mayotte - Statistiques

Statistiques générales
  • Ce quiz a été pris 67 fois
  • Le résultat moyen est 12 sur 18
Statistiques - réponses
Questions Réponses % Correct
Quelles sont les 5 plus grandes villes de Mayotte ? Mamoudzou
93%
Au sein de quel océan? Océan Indien
91%
Quel numéro de département porte-t-il ? 976
88%
Quelle catastrophe naturelle le département mahorais a-t-il subi à la fin de l'année 2024 ? Cyclone
86%
Quelle religion est majoritaire dans l'île ? Islam
86%
Mayotte est le département le plus ____ de France. Pauvre
84%
Dans quel archipel Mayotte se situe-t-il ? Comores
81%
Comment s'appellent les deux îles formant Mayotte ? Grande-Terre
81%
Petite-Terre
81%
Pour devenir le combientième département français ? 101 ème
77%
En quelle année Mayotte a-t-elle été départementalisée ? 2011
68%
Quel nom lui a été attribué ? Chido
65%
Contrairement aux autres territoires français, Mayotte ne fait pas partie de l'espace ______ Schengen
53%
De même, Mayotte possède la population la plus ____ de France. Jeune
49%
Dzaoudzi
44%
Koungou
44%
Bandraboua
23%
Dembeni
23%
Aucun quiz correspondant
Distribution des résultats
% des personnes avec chaque résultat
Percentile par nombre de réponses
Votre historique - résultats
Vous n’avez pas pris ce quiz